000 00425nam a2200157Ia 4500
008 100204s9999 xx 000 0 und d
082 _b28786
100 _aघारे दीपक
245 _aविचार क्षितिजे
250 _a0
260 _c2008
300 _a160
630 _aविचार क्षितिजे
730 _aविचार क्षितिजे
942 _cBOOK
999 _c473968
_d473965